Understanding Contemporary India (Record no. 15468)

MARC details
000 -LEADER
fixed length control field 00557nam a2200217 a 4500
020 ## - INTERNATIONAL STANDARD BOOK NUMBER
ISBN 8176494615
082 00 - DEWEY DECIMAL CLASSIFICATION NUMBER
Classification number 954.0072
Author Cutter GAN
100 ## - MAIN ENTRY--AUTHOR NAME
Author name Ganguly, Sumith
245 ## - TITLE STATEMENT
Title Understanding Contemporary India
260 ## - PUBLICATION, DISTRIBUTION, ETC. (IMPRINT)
Place of publication New Delhi
Name of publisher Viva Books, 3rd Edition
Year of publication 2003
300 ## - PHYSICAL DESCRIPTION
Number of Pages 313p
500 ## - GENERAL NOTE
General note includes index and biblioraphy
650 ## - SUBJECT ADDED ENTRY--TOPICAL TERM
Topical Term India-Historiography
942 ## - ADDED ENTRY ELEMENTS (KOHA)
Koha item type Books
Holdings
Collection code Home library Current library Date acquired Cost, normal purchase price Full call number Accession Number Koha item type
  Henry Martyn Institute Library Henry Martyn Institute Library 04/16/2007 395.00 954.0072 GAN 021625 Books
                   Copyright © 2026 | Henry Martyn Institute | Hyderabad | TS-500052 | INDIA | Implemented by hmi.edu.in
Hit-Count:

Powered by Koha